| 000 | 00484nam a2200181 a 4500 | ||
|---|---|---|---|
| 001 | 1776331134939 | ||
| 003 | YourLibrary | ||
| 005 | 20260416145133.0 | ||
| 008 | 260416s2002##################000#0#eng## | ||
| 020 | _a9780333774731 | ||
| 082 | 0 | 4 |
_a361.610941 _bADA |
| 100 | 1 |
_aAdams, Robert, _eauthor. |
|
| 245 | 1 | 0 | _aSocial Policy for Social Work : |
| 260 |
_bRed Globe Press, _c2002. |
||
| 650 | 0 | _aPolitical Science. | |
| 942 | _cENGLISH | ||
| 040 |
_aYourLibrary _beng _cYourLibrary |
||
| 999 |
_c619500 _d619500 |
||